भाषा साहित्य और संस्कृति/ (Record no. 86399)
[ view plain ]
| 000 -LEADER | |
|---|---|
| fixed length control field | 01141nam a22002057a 4500 |
| 005 - DATE AND TIME OF LATEST TRANSACTION | |
| control field | 20150421111049.0 |
| 010 ## - LCCN (DPL NO) | |
| LC control number | BAC-HN24 |
| 020 ## - INTERNATIONAL STANDARD BOOK NUMBER | |
| International Standard Book Number | 9788125037927 |
| Terms of availability | 250.00 |
| 035 ## - SYSTEM CONTROL NUMBER | |
| System control number | B-540765-773 |
| 037 ## - SOURCE OF ACQUISITION | |
| Source of stock number/acquisition | बुकवैल |
| 082 ## - DEWEY DECIMAL CLASSIFICATION NUMBER | |
| Classification number | 820.9 |
| 245 ## - TITLE STATEMENT | |
| Title | भाषा साहित्य और संस्कृति/ |
| Statement of responsibility, etc | विमलेश कान्ति वर्मा तथा मालती द्वारा संपादित |
| 260 ## - PUBLICATION, DISTRIBUTION, ETC. (IMPRINT) | |
| Place of publication, distribution, etc | नई दिल्ली |
| Name of publisher, distributor, etc | ओरिएंट ब्लैकस्वान प्राइवेट लिमिटेड |
| Date of publication, distribution, etc | 2014 |
| 270 ## - ADDRESS | |
| City | नई दिल्ली |
| Address | 1/24, आसफ अली रो़ड |
| Postal code | 110002 |
| Electronic mail address | delhi@orientblackswan.com |
| 300 ## - PHYSICAL DESCRIPTION | |
| Extent | 451पृ. |
| Dimensions | 23 सें.मी(अजिल्द) |
| 700 ## - ADDED ENTRY--PERSONAL NAME | |
| Personal name | वर्मा, विमलेश कांति |
| 9 (RLIN) | 49538 |
| 700 ## - ADDED ENTRY--PERSONAL NAME | |
| Personal name | मलतीं |
| 942 ## - ADDED ENTRY ELEMENTS (KOHA) | |
| Source of classification or shelving scheme | Dewey Decimal Classification |
| Item type | Hindi Books |
| Classification part | 820.9 |
| Call number suffix | भाषासा |
| Withdrawn status | Lost status | Not for loan | Collection code | Home library | Current library | Date acquired | Source of acquisition | Cost, normal purchase price | Full call number | Barcode | Copy number | Cost, replacement price | Koha item type |
|---|---|---|---|---|---|---|---|---|---|---|---|---|---|
| Non-fiction | Andrews Gunj | Andrews Gunj | 16/04/2015 | बुकवैल/269/8.8.14/86/25.7.14/19.8.14 | 250.00 | 820.9 भाषासा | B-540770 | 1 | 250.00 | Hindi Books | |||
| Non-fiction | Bawana | Bawana | 16/04/2015 | बुकवैल/269/8.8.14/86/25.7.14/19.8.14 | 250.00 | 820.9 भाषासा | B-540773 | 1 | 250.00 | Hindi Books | |||
| Non-fiction | Central Library | Central Library | 16/04/2015 | बुकवैल/269/8.8.14/86/25.7.14/19.8.14 | 250.00 | 820.9 भाषासा | B-540765 | 1 | 250.00 | Hindi Books | |||
| Non-fiction | Janak Puri | Janak Puri | 16/04/2015 | बुकवैल/269/8.8.14/86/25.7.14/19.8.14 | 250.00 | 820.9 भाषासा | B-540767 | 1 | 250.00 | Hindi Books | |||
| Non-fiction | Patel Nagar | Patel Nagar | 16/04/2015 | बुकवैल/269/8.8.14/86/25.7.14/19.8.14 | 250.00 | 820.9 भाषासा | B-540766 | 1 | 250.00 | Hindi Books | |||
| Non-fiction | R.K.Puram-8 | R.K.Puram-8 | 16/04/2015 | बुकवैल/269/8.8.14/86/25.7.14/19.8.14 | 250.00 | 820.9 भाषासा | B-540769 | 1 | 250.00 | Hindi Books | |||
| Non-fiction | Sarojini Nagar | Sarojini Nagar | 16/04/2015 | बुकवैल/269/8.8.14/86/25.7.14/19.8.14 | 250.00 | 820.9 भाषासा | B-540768 | 1 | 250.00 | Hindi Books | |||
| Non-fiction | Sriniwas Puri | Sriniwas Puri | 16/04/2015 | बुकवैल/269/8.8.14/86/25.7.14/19.8.14 | 250.00 | 820.9 भाषासा | B-540771 | 1 | 250.00 | Hindi Books | |||
| Non-fiction | Vinoba Puri | Vinoba Puri | 16/04/2015 | बुकवैल/269/8.8.14/86/25.7.14/19.8.14 | 250.00 | 820.9 भाषासा | B-540772 | 1 | 250.00 | Hindi Books |
